<?xml version="1.0" encoding="UTF-8"?><?xml-stylesheet type="text/xsl" href="static/style.xsl"?><OAI-PMH xmlns="http://www.openarchives.org/OAI/2.0/" xmlns:xsi="http://www.w3.org/2001/XMLSchema-instance" xsi:schemaLocation="http://www.openarchives.org/OAI/2.0/ http://www.openarchives.org/OAI/2.0/OAI-PMH.xsd"><responseDate>2026-04-17T14:01:25Z</responseDate><request verb="GetRecord" identifier="oai:www.recercat.cat:10230/32823" metadataPrefix="marc">https://recercat.cat/oai/request</request><GetRecord><record><header><identifier>oai:recercat.cat:10230/32823</identifier><datestamp>2025-12-19T20:26:33Z</datestamp><setSpec>com_2072_6</setSpec><setSpec>col_2072_452954</setSpec></header><metadata><record xmlns="http://www.loc.gov/MARC21/slim" xmlns:dcterms="http://purl.org/dc/terms/" xmlns:xsi="http://www.w3.org/2001/XMLSchema-instance" xmlns:doc="http://www.lyncode.com/xoai" xsi:schemaLocation="http://www.loc.gov/MARC21/slim http://www.loc.gov/standards/marcxml/schema/MARC21slim.xsd">
   <leader>00925njm 22002777a 4500</leader>
   <datafield ind2=" " ind1=" " tag="042">
      <subfield code="a">dc</subfield>
   </datafield>
   <datafield ind2=" " ind1=" " tag="720">
      <subfield code="a">Giró Campmany, Anna</subfield>
      <subfield code="e">author</subfield>
   </datafield>
   <datafield ind2=" " ind1=" " tag="260">
      <subfield code="c">2017-09-28T10:31:51Z</subfield>
   </datafield>
   <datafield ind2=" " ind1=" " tag="260">
      <subfield code="c">2017-09-28T10:31:51Z</subfield>
   </datafield>
   <datafield ind2=" " ind1=" " tag="260">
      <subfield code="c">2017-09-28</subfield>
   </datafield>
   <datafield ind2=" " ind1=" " tag="520">
      <subfield code="a">Tutor: Jaime Carballedo</subfield>
   </datafield>
   <datafield ind2=" " ind1=" " tag="520">
      <subfield code="a">Objectiu: L&amp;apos;objectiu d&amp;apos;aquesta revisió és conèixer què hi ha publicat sobre els beneficis de realitzar activitat física i quins riscs hi ha al no realitzar-la.&#xd;
Metodologia: Es tracta d&amp;apos;un estudi observacional descriptiu transversal sobre la inactivitat física en la població adulta mitjançant una revisió de la literatura d&amp;apos;articles publicats en els últims 10 anys. Les bases de dades utilitzades són PubMed, Scielo, Lilacs i Cochrane, d&amp;apos;on s&amp;apos;obtenen 36 articles que compleixen els criteris d&amp;apos;inclusió i exclusió.&#xd;
Resultats: La inactivitat física resulta el quart factor de risc de mortalitat. És la causa directe del 6% de morts globals. A més, és un dels factors de risc que provoca l&amp;apos;aparició de malalties cròniques com: malalties cardiovasculars (30%), càncer de mama i còlon (21-25%) i diabetis (27%).&#xd;
Conclusions: Encara ara hi ha un gran nivell d&amp;apos;inactivitat física a nivell global (60% aprox.). Portar un estil de vida actiu redueix el risc de patir malalties cròniques i, cada vegada més, s&amp;apos;utilitza com a prevenció i tractament de moltes malalties. Tot i la investigació i la promoció actual, és necessari donar-hi més èmfasi i crear una major consciència de la importància que té a tota la població.</subfield>
   </datafield>
   <datafield tag="653" ind2=" " ind1=" ">
      <subfield code="a">Exercici físic</subfield>
   </datafield>
   <datafield tag="653" ind2=" " ind1=" ">
      <subfield code="a">Sedentarisme</subfield>
   </datafield>
   <datafield ind2="0" ind1="0" tag="245">
      <subfield code="a">Inactivitat física: un problema de salut mundial. Revisió de la literatura</subfield>
   </datafield>
</record></metadata></record></GetRecord></OAI-PMH>